Filosofická víra / Karl Jaspers ; [z německého originálu ... přeložili Aleš Havlíček ... et al.]
Record details
- ISBN: 80-85241-77-3
- Physical Description: 106 s. ; 21 cm
- Edition: 1. vyd.
- Publisher: Praha : ISE, 1994
Search for related items by subject
| Subject: | náboženská víra > filozofické aspekty člověk > filozofické aspekty |
| Genre: | přednášky |
Search for related items by series
Available copies
- 3 of 3 copies available at Common Catalog SPOK.
Holds
- 0 current holds with 3 total copies.
Show Only Available Copies
| Location | Call Number / Copy Notes | Barcode | Shelving Location | Status | Due Date |
|---|---|---|---|---|---|
| ETS Library | 193 | 424470003399 | Volný výběr | Available | - |
| Jabok Library | FL-3/Ja | 424480001096 | Odborná literatura | Available | - |
| Jabok Library | FL-3/Ja | 424480001740 | Odborná literatura | Available | - |
| LDR | 01236nam a2200385 a 4500 | ||
|---|---|---|---|
| 001 | 3255 | ||
| 003 | CZ-PrJAB | ||
| 005 | 20160227144554.0 | ||
| 007 | tu | ||
| 008 | 950330s1994 xr e 000 0 cze | ||
| 015 | . | ‡acnb000104534 | |
| 020 | . | ‡a80-85241-77-3 ‡q(brož.) | |
| 035 | . | ‡a(CZ PrNK)np9539665 | |
| 035 | . | ‡a(OCoLC)36613005 | |
| 040 | . | ‡aABA001 ‡bcze | |
| 041 | 1 | . | ‡acze ‡hger |
| 072 | 7. | ‡a2-1 ‡xPřirozená teologie. Náboženská filozofie ‡2Konspekt ‡95 | |
| 080 | . | ‡a2-184.3 ‡2MRF | |
| 080 | . | ‡a2-18 ‡2MRF | |
| 080 | . | ‡a101 ‡2MRF | |
| 080 | . | ‡a(042.3) ‡2MRF | |
| 082 | 1 | 4. | ‡a193 |
| 100 | 1 | . | ‡aJaspers, Karl, ‡d1883-1969 ‡7jn19990003999 ‡4aut |
| 245 | 1 | 0. | ‡aFilosofická víra / ‡cKarl Jaspers ; [z německého originálu ... přeložili Aleš Havlíček ... et al.] |
| 250 | . | ‡a1. vyd. | |
| 260 | . | ‡aPraha : ‡bISE, ‡c1994 ‡e(Praha : ‡fAlfaprint) | |
| 300 | . | ‡a106 s. ; ‡c21 cm | |
| 490 | 1 | . | ‡aOikúmené |
| 650 | 0 | 7. | ‡anáboženská víra ‡7ph115476 ‡xfilozofické aspekty ‡2czenas |
| 650 | 0 | 7. | ‡ačlověk ‡7ph116876 ‡xfilozofické aspekty ‡2czenas |
| 655 | 7. | ‡apřednášky ‡7fd133199 ‡2czenas | |
| 700 | 1 | . | ‡aHavlíček, Aleš, ‡d1956-2015 ‡7jn20000400911 ‡4trl |
| 765 | 0 | . | ‡tPhilosophische Glaube ‡9Česky |
| 830 | 0. | ‡aOikúmené | |
| 910 | . | ‡aABG450 | |
| 910 | . | ‡aABG312 | |
| 999 | . | ‡a2813 ‡bAUTOGEN ‡c2813 ‡tbiblio | |
| 901 | . | ‡a3255 ‡bUnknown ‡c3255 ‡tbiblio ‡sets | |